000 00405nam a22001337a 4500
003 SGT
020 _a8176467715
082 _a080
_bS11M,
100 _aमोरारका, महावीरप्रसाद
245 _a समाजवाद : एक अध्यन
260 _bबी. आर पब्लिशिंग कारपोरेशन
_c2011
300 _a243
942 _2ddc
_cBK
999 _c31623
_d31623